Sueno de la Razón/ (Record no. 2624)

MARC details
000 -LEADER
campo de control de longitud fija 00657nam a2200205 4500
003 - IDENTIFICADOR DE NÚMERO DE CONTROL
campo de control OSt
005 - FECHA Y HORA DE LA ÚLTIMA TRANSACCIÓN
campo de control 20221111194315.0
008 - DATOS DE LONGITUD FIJA--INFORMACIÓN GENERAL
campo de control de longitud fija 221111b |||||||| |||| 00| 0 eng d
040 ## - FUENTE DE CATALOGACIÓN
Centro/agencia transcriptor Biblioteca Lado V
082 ## - NÚMERO DE LA CLASIFICACIÓN DECIMAL DEWEY
Número de clasificación 779
Número de ítem M528s
100 ## - ENTRADA PRINCIPAL--NOMBRE DE PERSONA
Nombre de persona Melo, Fernando
Término indicativo de función/relación curador
9 (RLIN) 413
245 ## - MENCIÓN DEL TÍTULO
Título Sueno de la Razón/
260 ## - PUBLICACIÓN, DISTRIBUCIÓN, ETC.
Fecha de publicación, distribución, etc. 2010
Lugar de publicación, distribución, etc. Brasil
Nombre del editor, distribuidor, etc. Territorio Possiveis
300 ## - DESCRIPCIÓN FÍSICA
Extensión 200p.
Dimensiones 22x28cm
650 ## - PUNTO DE ACCESO ADICIONAL DE MATERIA--TÉRMINO DE MATERIA
Fuente del encabezamiento o término Tesauro de Arte & Arquitectura
Término de materia o nombre geográfico como elemento de entrada FOTOGRAFIA
650 ## - PUNTO DE ACCESO ADICIONAL DE MATERIA--TÉRMINO DE MATERIA
Fuente del encabezamiento o término Tesauro de Arte & Arquitectura
Término de materia o nombre geográfico como elemento de entrada BRASIL
650 ## - PUNTO DE ACCESO ADICIONAL DE MATERIA--TÉRMINO DE MATERIA
Fuente del encabezamiento o término Tesauro de Arte & Arquitectura
Término de materia o nombre geográfico como elemento de entrada ARTE BRASILENO
700 ## - ENTRADA AGREGADA--NOMBRE PERSONAL
Nombre de persona Tomren, Anders
Término indicativo de función/relación curador
942 ## - ELEMENTOS DE ENTRADA SECUNDARIOS (KOHA)
Fuente del sistema de clasificación o colocación Clasificación Decimal Dewey
Tipo de ítem Koha Libros
Parte de la signatura que corresponde a la clasificación (Parte de la clasificación) 779
Parte de la signatura que identifica el ejemplar (Parte del ítem) M528s
Suprimir en OPAC No
Holdings
Estatus retirado Estado de pérdida Fuente del sistema de clasificación o colocación Estado de daño No para préstamo Biblioteca de origen Biblioteca actual Fecha de adquisición Número de inventario Total de préstamos Signatura topográfica completa Código de barras Visto por última vez Precio de reemplazo Tipo de ítem Koha
    Clasificación Decimal Dewey     Biblioteca LadoV Biblioteca LadoV 11/11/2022 001745   779 M528s 001745 11/11/2022 11/11/2022 Libros